जलतरण (Record no. 1216586)

MARC details
000 -LEADER
fixed length control field 00557nam a2200193Ia 4500
008 - FIXED-LENGTH DATA ELEMENTS--GENERAL INFORMATION
fixed length control field 151121s9999||||xx |||||||||||||| ||und||
082 ## - DEWEY DECIMAL CLASSIFICATION NUMBER
Classification number 797।21/जोशी
082 ## - DEWEY DECIMAL CLASSIFICATION NUMBER
Item number HNW-11932
100 ## - MAIN ENTRY--PERSONAL NAME
Personal name जोशी भा।श्री।
245 ## - TITLE STATEMENT
Title जलतरण
260 ## - PUBLICATION, DISTRIBUTION, ETC. (IMPRINT)
Name of publisher, distributor, etc जोशी भास्कर श्री।
260 ## - PUBLICATION, DISTRIBUTION, ETC. (IMPRINT)
Date of publication, distribution, etc --
300 ## - PHYSICAL DESCRIPTION
Extent 64
600 ## - SUBJECT ADDED ENTRY--PERSONAL NAME
Personal name जोशी भा।श्री।
630 ## - SUBJECT ADDED ENTRY--UNIFORM TITLE
Uniform title जलतरण
700 ## - ADDED ENTRY--PERSONAL NAME
Personal name जोशी भा।श्री।
730 ## - ADDED ENTRY--UNIFORM TITLE
Uniform title जलतरण
942 ## - ADDED ENTRY ELEMENTS (KOHA)
Koha item type Book
Holdings
Withdrawn status Lost status Damaged status Not for loan Home library Current library Date acquired Cost, normal purchase price Total Checkouts Full call number Barcode Date last seen Cost, replacement price Price effective from Koha item type
        Hirachand Nemchand Wachanalaya, Solapur Hirachand Nemchand Wachanalaya, Solapur 11/21/2015 1.00   HNW-11932 HNW-11932 11/21/2015 1.00 11/21/2015 Book